[Event "Titled Tuesday intern op 05th Sep Early"]
[Site "Chess.com INT"]
[Date "2023.09.05"]
[Round "6"]
[White "Amanov, Zhanibek"]
[Black "De Souza, Arthur Olintho"]
[Result "0-1"]
[WhiteElo "2283"]
[BlackElo "2113"]
[PlyCount "34"]
[EventDate "2023.09.05"]
[EventType "swiss (blitz)"]
[EventRounds "11"]
[EventCountry "USA"]
[SourceTitle "EXT 2024"]
[Source "ChessBase"]
[SourceDate "2023.10.10"]
[SourceVersion "1"]
[SourceVersionDate "2023.10.10"]
[SourceQuality "1"]

1. g3 Nf6 2. Bg2 e6 3. d4 d5 4. c4 dxc4 5. Nc3 Nc6 6. Bxc6+ bxc6 7. Nf3 c5 8. dxc5 Qxd1+ 9. Kxd1 Bxc5 10. Bf4 Bb7 11. Bxc7 Bxf2 12. Kc2 0-0 13. Rad1 Rac8 14. Be5 Ng4 15. Bf4 Be3 16. Rd7 Bc6 17. Re7 Bc5 0-1

[Event "Titled Tuesday intern op 29th Aug Early"]
[Site "Chess.com INT"]
[Date "2023.08.29"]
[Round "7"]
[White "Novikova, Margarita"]
[Black "Amanov, Zhanibek"]
[Result "0-1"]
[WhiteElo "1995"]
[BlackElo "2283"]
[PlyCount "128"]
[EventDate "2023.08.29"]
[EventType "swiss (blitz)"]
[EventRounds "11"]
[EventCountry "USA"]
[SourceTitle "EXT 2024"]
[Source "ChessBase"]
[SourceDate "2023.10.10"]
[SourceVersion "1"]
[SourceVersionDate "2023.10.10"]
[SourceQuality "1"]

1. d4 d5 2. Bf4 Nf6 3. e3 c5 4. c3 cxd4 5. exd4 Nc6 6. Qc2 Bg4 7. h3 Bh5 8. Nd2 Bg6 9. Qa4 e6 10. Bb5 Qb6 11. Ngf3 a6 12. Bxc6+ Qxc6 13. Qxc6+ bxc6 14. Ne5 Rc8 15. Nxg6 hxg6 16. Nf3 Be7 17. 0-0 0-0 18. Bg5 Rfe8 19. Ne5 Ne4 20. Bxe7 Rxe7 21. f3 Nd2 22. Rfd1 Nc4 23. Nxc4 dxc4 24. b4 a5 25. a3 Ra7 26. Rab1 axb4 27. Rxb4 Rxa3 28. Rxc4 Kf8 29. Rb1 Rc7 30. Rb6 c5 31. dxc5 Ke7 32. c6 Kd6 33. Kh2 e5 34. Kg3 Kd5 35. Rb7 Kd6 36. Rxc7 Kxc7 37. Rc5 f6 38. Kg4 Ra2 39. h4 Rxg2+ 40. Kh3 Rf2 41. Kg3 Rd2 42. Rc4 Rd6 43. Rg4 f5 44. Rg5 Rxc6 45. h5 gxh5 46. Rxf5 g6 47. Rxe5 Rxc3 48. Re6 Rc6 49. Re7+ Kd6 50. Rg7 Ke5 51. f4+ Kf5 52. Rf7+ Rf6 53. Ra7 Re6 54. Ra5+ Ke4 55. Ra4+ Kf5 56. Ra5+ Kf6 57. Rb5 Re3+ 58. Kf2 Rc3 59. Kg2 h4 60. Ra5 Kg7 61. Rg5 Kh6 62. Ra5 Re3 63. Kf2 Rg3 64. Rb5 Rg4 0-1

[Event "Titled Tuesday intern op 15th Aug Early"]
[Site "Chess.com INT"]
[Date "2023.08.15"]
[Round "10"]
[White "Amanov, Zhanibek"]
[Black "Al Tarbosh, Ward"]
[Result "0-1"]
[WhiteElo "2283"]
[BlackElo "2280"]
[PlyCount "96"]
[EventDate "2023.08.15"]
[EventType "swiss (blitz)"]
[EventRounds "11"]
[EventCountry "USA"]
[SourceTitle "EXT 2024"]
[Source "ChessBase"]
[SourceDate "2023.10.10"]
[SourceVersion "1"]
[SourceVersionDate "2023.10.10"]
[SourceQuality "1"]

1. e4 c5 2. Nf3 e6 3. c3 Nf6 4. e5 Nd5 5. d4 cxd4 6. cxd4 d6 7. Bc4 Nb6 8. Bd3 dxe5 9. Nxe5 Be7 10. 0-0 N8d7 11. Qg4 Nxe5 12. dxe5 Qxd3 13. Qxg7 Rf8 14. Nc3 Qg6 15. Qxg6 fxg6 16. Nb5 Kf7 17. Be3 Nd5 18. Rac1 Bd7 19. Nc3 Nxe3 20. fxe3+ Kg8 21. Ne4 Bc6 22. Nf6+ Bxf6 23. exf6 Kf7 24. Rc4 Rad8 25. Rh4 h5 26. g4 Rd2 27. Rf2 Rxf2 28. Kxf2 Kxf6 29. gxh5 Kg5+ 30. Rf4 Rxf4+ 31. exf4+ Kxh5 32. Kg3 g5 33. fxg5 Kxg5 34. h4+ Kh5 35. b4 e5 36. a3 e4 37. Kf4 Kxh4 38. b5 Bd5 39. a4 b6 40. Ke3 Kg3 41. Kd4 Ba8 42. Ke3 Kg4 43. Kf2 Kf4 44. Ke2 e3 45. Ke1 Bf3 46. Kf1 e2+ 47. Kf2 Ke4 48. Ke1 Kd3 0-1

[Event "Titled Tuesday intern op 15th Aug Early"]
[Site "Chess.com INT"]
[Date "2023.08.15"]
[Round "9"]
[White "Amanov, Zhanibek"]
[Black "Vaglio Munoz, Jaime"]
[Result "1-0"]
[WhiteElo "2283"]
[BlackElo "2174"]
[PlyCount "131"]
[EventDate "2023.08.15"]
[EventType "swiss (blitz)"]
[EventRounds "11"]
[EventCountry "USA"]
[SourceTitle "EXT 2024"]
[Source "ChessBase"]
[SourceDate "2023.10.10"]
[SourceVersion "1"]
[SourceVersionDate "2023.10.10"]
[SourceQuality "1"]

1. e4 c5 2. Nf3 Qa5 3. c3 Nc6 4. Bc4 e6 5. 0-0 b5 6. Bb3 Nf6 7. e5 Ng8 8. d4 c4 9. Bc2 Bb7 10. Be3 Nge7 11. Nbd2 Nd5 12. Ne4 Be7 13. Bg5 Bf8 14. Nfd2 h6 15. Bh4 g5 16. Bg3 Be7 17. Qh5 0-0-0 18. a4 b4 19. Nxc4 Qa6 20. Bd3 Kb8 21. f4 gxf4 22. Bxf4 Nxf4 23. Rxf4 bxc3 24. bxc3 Na5 25. Ned2 Bd5 26. Rb1+ Kc7 27. Qe2 Nxc4 28. Bxc4 Bxc4 29. Qxc4+ Qc6 30. Rxf7 Qxc4 31. Nxc4 Bg5 32. Nd6 Rb8 33. Rxb8 Be3+ 34. Kf1 Rxb8 35. Ke2 Bg1 36. Nb5+ Kc6 37. h3 a6 38. Nd6 Rb2+ 39. Kd3 Bh2 40. g4 Rg2 41. Rf8 Rg3+ 42. Kc4 Rxh3 43. a5 Rxc3+ 44. Kxc3 Kd5 45. Ra8 Bg1 46. Rxa6 Bxd4+ 47. Kd3 Bxe5 48. Nf7 Bf4 49. Ra7 d6 50. a6 e5 51. Rd7 e4+ 52. Ke2 Be5 53. Nxe5 Kxe5 54. Re7+ Kf4 55. a7 d5 56. a8Q d4 57. Qxe4+ Kg5 58. Qf5+ Kh4 59. Qh5+ Kg3 60. Qe5+ Kh4 61. Qxd4 h5 62. gxh5+ Kg5 63. Re5+ Kf6 64. Qd6+ Kg7 65. Re7+ Kf8 66. Qd8# 1-0

[Event "Titled Tuesday intern op 08th Aug Early"]
[Site "Chess.com INT"]
[Date "2023.08.08"]
[Round "7"]
[White "Amanov, Zhanibek"]
[Black "Tikhonov, Viacheslav"]
[Result "0-1"]
[WhiteElo "2283"]
[BlackElo "2201"]
[PlyCount "68"]
[EventDate "2023.08.08"]
[EventType "swiss (blitz)"]
[EventRounds "11"]
[EventCountry "USA"]
[SourceTitle "EXT 2024"]
[Source "ChessBase"]
[SourceDate "2023.10.10"]
[SourceVersion "1"]
[SourceVersionDate "2023.10.10"]
[SourceQuality "1"]

1. e4 c5 2. Nf3 Nc6 3. Bb5 e5 4. Bxc6 dxc6 5. Nxe5 Qd4 6. Nf3 Qxe4+ 7. Qe2 Qxe2+ 8. Kxe2 Bd6 9. Re1 Ne7 10. Nc3 b6 11. d3 f5 12. Kf1 0-0 13. Bd2 Nd5 14. Nxd5 cxd5 15. c4 Bb7 16. Re6 Rad8 17. Bg5 Rd7 18. Ne5 Bxe5 19. Rxe5 h6 20. Be3 f4 21. Bc1 dxc4 22. dxc4 Rd1+ 23. Ke2 Rh1 24. g3 f3+ 25. Kd3 Rd8+ 26. Kc2 Rdd1 27. Re7 Bc6 28. Rxa7 Be4+ 29. Kb3 Rxc1 30. Rxc1 Rxc1 31. Ra6 Rc2 32. Rxb6 Rxf2 33. a4 Rxh2 34. a5 f2 0-1

[Event "Titled Tuesday intern op 08th Aug Early"]
[Site "Chess.com INT"]
[Date "2023.08.08"]
[Round "6"]
[White "Amanov, Zhanibek"]
[Black "Vivas Zamora, Fabian Ernesto"]
[Result "1-0"]
[WhiteElo "2283"]
[BlackElo "2346"]
[PlyCount "97"]
[EventDate "2023.08.08"]
[EventType "swiss (blitz)"]
[EventRounds "11"]
[EventCountry "USA"]
[SourceTitle "EXT 2024"]
[Source "ChessBase"]
[SourceDate "2023.10.10"]
[SourceVersion "1"]
[SourceVersionDate "2023.10.10"]
[SourceQuality "1"]

1. e4 c5 2. Nf3 d6 3. Bb5+ Bd7 4. Bxd7+ Nxd7 5. 0-0 Ngf6 6. Re1 g6 7. c3 c4 8. d4 cxd3 9. Qxd3 Bg7 10. Bf4 0-0 11. Nbd2 Nc5 12. Qc2 Rc8 13. Rad1 Qb6 14. e5 dxe5 15. Nxe5 Ne6 16. Be3 Qb5 17. Ndf3 Rfd8 18. Nd4 Nxd4 19. Bxd4 Nh5 20. Qb3 Qxb3 21. axb3 Nf4 22. Nf3 Bxd4 23. Nxd4 Kf8 24. Re4 Nh5 25. Rde1 e6 26. g4 Nf6 27. Rf4 Kg7 28. g5 Nd5 29. Rfe4 Rd6 30. c4 Nb4 31. Nb5 Rb6 32. Nxa7 Rd8 33. c5 Ra6 34. Rxb4 Rxa7 35. Rc4 Rd2 36. Rb1 Ra2 37. Rb4 Ra7 38. h4 Kf8 39. Rc4 Ra2 40. Rb4 Ra7 41. Rb6 Rd4 42. b4 Rxh4 43. Rd1 Rg4+ 44. Kh2 Rxg5 45. Rd7 Rg4 46. Rdxb7 Rxb7 47. Rxb7 Rc4 48. b3 h5 49. bxc4 1-0

[Event "Titled Tuesday intern op 04th Jul Early"]
[Site "Chess.com INT"]
[Date "2023.07.04"]
[Round "3"]
[White "Fakhrutdinov, Timur"]
[Black "Amanov, Zhanibek"]
[Result "0-1"]
[WhiteElo "2471"]
[BlackElo "2283"]
[PlyCount "64"]
[EventDate "2023.07.04"]
[EventType "swiss (blitz)"]
[EventRounds "11"]
[EventCountry "USA"]
[SourceTitle "EXT 2024"]
[Source "ChessBase"]
[SourceDate "2023.10.10"]
[SourceVersion "1"]
[SourceVersionDate "2023.10.10"]
[SourceQuality "1"]

1. e4 c5 2. Nf3 e6 3. d4 cxd4 4. Nxd4 Nf6 5. Nc3 Nc6 6. Ndb5 Bc5 7. Bf4 0-0 8. Bc7 Qe7 9. Bd6 Bxd6 10. Qxd6 Qd8 11. Na3 a6 12. f3 b5 13. Ne2 Ne8 14. Qd2 d5 15. exd5 exd5 16. c3 Nf6 17. Nc2 Re8 18. 0-0-0 Qa5 19. a3 Ne5 20. Ned4 Bd7 21. Nb4 Qb6 22. Ndc2 Be6 23. Qd4 Qc7 24. Nd3 Nc4 25. Nf4 Rac8 26. Bxc4 bxc4 27. Rhe1 Rb8 28. Nb4 Qb7 29. Rd2 a5 30. Na2 Qb3 31. Kb1 Bf5+ 32. Ka1 Rxe1+ 0-1

[Event "Titled Tuesday intern op 06th Jun Late"]
[Site "Chess.com INT"]
[Date "2023.06.06"]
[Round "7"]
[White "Boder, Jan"]
[Black "Amanov, Zhanibek"]
[Result "1-0"]
[WhiteElo "2294"]
[BlackElo "2283"]
[PlyCount "143"]
[EventDate "2023.06.06"]
[EventType "swiss (blitz)"]
[EventRounds "11"]
[EventCountry "USA"]
[SourceTitle "EXT 2024"]
[Source "ChessBase"]
[SourceDate "2023.10.10"]
[SourceVersion "1"]
[SourceVersionDate "2023.10.10"]
[SourceQuality "1"]

1. d4 d5 2. c4 c6 3. cxd5 cxd5 4. Nc3 Nf6 5. Bg5 Nc6 6. Nf3 e6 7. e3 Be7 8. Bd3 0-0 9. 0-0 b6 10. a3 Bb7 11. b4 Rc8 12. Rc1 h6 13. Bh4 Ne4 14. Bxe7 Nxe7 15. Qb3 Nf5 16. Rc2 Nfd6 17. Rfc1 Nxc3 18. Rxc3 Qe7 19. Kf1 Rxc3 20. Rxc3 Rc8 21. Qc2 Qd8 22. Rxc8 Qxc8 23. Qxc8+ Bxc8 24. Ke2 f6 25. Kd2 Kf8 26. Kc3 Ke7 27. Nd2 e5 28. f4 exf4 29. exf4 Bf5 30. Be2 g5 31. g3 h5 32. fxg5 fxg5 33. Bf3 Ke6 34. h4 gxh4 35. gxh4 Nb5+ 36. Kb2 Nxd4 37. Bxh5 Ke5 38. Bf7 Be6 39. Bg6 Ne2 40. h5 Nf4 41. Be8 Bg4 42. h6 Bf5 43. Nf3+ Ke4 44. Nh4 Bh7 45. Bc6 Ke5 46. Nf3+ Kd6 47. Ng5 Bg6 48. Ba4 Ne6 49. Nxe6 Kxe6 50. Bc2 Kf6 51. h7 Bxh7 52. Bxh7 Ke5 53. Kc3 Kd6 54. Kd2 Ke5 55. Kd3 Kd6 56. Bg8 Kc6 57. Kd4 Kb5 58. Kc3 Ka4 59. Kb2 d4 60. Bb3+ Kb5 61. Kc2 a5 62. bxa5 Kxa5 63. Kd3 Kb5 64. Kxd4 Ka5 65. Kc4 Ka6 66. Kb4 Ka7 67. Kb5 Kb7 68. Bd5+ Ka7 69. a4 Kb8 70. Kxb6 Kc8 71. a5 Kb8 72. a6 1-0

[Event "Titled Tuesday intern op 06th Jun Late"]
[Site "Chess.com INT"]
[Date "2023.06.06"]
[Round "5"]
[White "Prado Lobo, Jonas"]
[Black "Amanov, Zhanibek"]
[Result "1-0"]
[WhiteElo "2359"]
[BlackElo "2283"]
[PlyCount "115"]
[EventDate "2023.06.06"]
[EventType "swiss (blitz)"]
[EventRounds "11"]
[EventCountry "USA"]
[SourceTitle "EXT 2024"]
[Source "ChessBase"]
[SourceDate "2023.10.10"]
[SourceVersion "1"]
[SourceVersionDate "2023.10.10"]
[SourceQuality "1"]

1. d4 d5 2. Nc3 c5 3. e4 dxe4 4. d5 Nf6 5. Bf4 a6 6. Nge2 b5 7. Ng3 Bb7 8. Ngxe4 Nxe4 9. Nxe4 Qxd5 10. Qxd5 Bxd5 11. Nxc5 e5 12. Be3 Nd7 13. 0-0-0 Bxc5 14. Bxc5 Bxa2 15. Bd6 Be6 16. Bd3 f6 17. Be4 Ra7 18. f4 exf4 19. Bxf4 Kf7 20. Rd6 Nc5 21. Bf3 Rc8 22. Re1 Rd7 23. Rexe6 Nxe6 24. Rxd7+ Ke8 25. Ra7 Nxf4 26. Rxg7 Nd3+ 27. Kb1 Ne5 28. Be4 Rc4 29. Bxh7 Rf4 30. h3 a5 31. Ra7 Rf1+ 32. Ka2 Rf2 33. Be4 Re2 34. Bd5 Rxc2 35. Rxa5 Rd2 36. Ba8 Rxb2+ 37. Kxb2 Nc4+ 38. Kc3 Nxa5 39. Bd5 Ke7 40. h4 Kd6 41. h5 Kxd5 42. h6 Ke6 43. h7 Nc6 44. h8Q Ne7 45. Qh3+ Kf7 46. Kb4 Nc6+ 47. Kxb5 Ne5 48. Kc5 Ng6 49. Qd7+ Kg8 50. Kd6 Nf8 51. Qe7 Ng6 52. Qxf6 Nf8 53. Ke7 Nh7 54. Qf7+ Kh8 55. g4 Ng5 56. Qf6+ Kh7 57. Qxg5 Kh8 58. Kf7 1-0

[Event "Aktobe Dvorkovich op"]
[Site "Aktobe"]
[Date "2022.06.16"]
[Round "4"]
[White "Amanov, Zhanibek"]
[Black "Sivuk, Vitaly"]
[Result "1/2-1/2"]
[WhiteElo "2325"]
[BlackElo "2555"]
[PlyCount "122"]
[EventDate "2022.06.14"]
[EventType "swiss"]
[EventRounds "9"]
[EventCountry "KAZ"]
[SourceTitle "CBM 208 Extra"]
[Source "ChessBase"]
[SourceDate "2022.07.31"]
[SourceVersion "1"]
[SourceVersionDate "2022.07.31"]
[SourceQuality "1"]

1. d4 Nf6 2. Nf3 g6 3. Nc3 Bg7 4. e4 d6 5. Be2 0-0 6. 0-0 a6 7. Re1 Nc6 8. d5 Na7 9. a4 c6 10. Be3 Bg4 11. Nd2 Bxe2 12. Qxe2 Qc7 13. f3 Nd7 14. Qf2 c5 15. a5 Nb5 16. Na4 Ne5 17. Nb6 Rae8 18. Ndc4 f5 19. exf5 Rxf5 20. Nxe5 Bxe5 21. c3 e6 22. dxe6 Rxe6 23. Qd2 Qf7 24. f4 Bg7 25. g4 Rff6 26. Nd5 Nc7 27. Nxf6+ Rxf6 28. Rad1 Bf8 29. Qg2 d5 30. Rf1 d4 31. cxd4 Nd5 32. Bc1 cxd4 33. f5 Bc5 34. fxg6 hxg6 35. Kh1 Qe6 36. Rfe1 Qd6 37. Bg5 Re6 38. Qf3 Re5 39. Bd2 Qe6 40. Rxe5 Qxe5 41. Re1 Ne3 42. Bxe3 dxe3 43. Qxb7 Qf4 44. Qg2 Bb4 45. Rf1 Qe5 46. Qa8+ Kg7 47. Qb7+ Be7 48. Qf3 Bd6 49. Qg2 Bb4 50. Qb7+ Be7 51. Kg2 Kh6 52. Kf3 Bh4 53. Qf7 e2 54. Qf8+ Kh7 55. Qf7+ Kh6 56. g5+ Bxg5 57. Re1 Qe3+ 58. Kg2 Bh4 59. Qf8+ Kh7 60. Qf7+ Kh6 61. Qf8+ Kh7 1/2-1/2

[Event "Chigorin Memorial 28th"]
[Site "St Petersburg"]
[Date "2021.10.23"]
[Round "1"]
[White "Amanov, Zhanibek"]
[Black "Kurilov, Amuo"]
[Result "1-0"]
[WhiteElo "2341"]
[BlackElo "1889"]
[PlyCount "73"]
[EventDate "2021.10.23"]
[EventType "swiss"]
[EventRounds "9"]
[EventCountry "RUS"]
[SourceTitle "EXT 2023"]
[Source "ChessBase"]
[SourceDate "2022.10.05"]
[SourceVersion "1"]
[SourceVersionDate "2022.10.05"]
[SourceQuality "1"]

1. e4 c5 2. Nf3 d6 3. Bb5+ Bd7 4. Bxd7+ Qxd7 5. c4 Nc6 6. d4 cxd4 7. Nxd4 Nf6 8. Nc3 g6 9. b3 Qg4 10. Qxg4 Nxg4 11. Nde2 Bg7 12. h3 Nf6 13. f3 Nd7 14. Be3 Nb4 15. Kd2 0-0 16. Rab1 a6 17. Rhc1 Nc6 18. Nd5 e6 19. Nb6 Rad8 20. Rd1 Nf6 21. Ke1 Nb4 22. Rd2 Rfe8 23. Rbd1 Bf8 24. e5 dxe5 25. Rxd8 Nc2+ 26. Kd2 Nxe3 27. Rxe8 Nxe8 28. Kxe3 Bc5+ 29. Ke4 Bxb6 30. Kxe5 Bc7+ 31. Kd4 Kf8 32. c5 Ke7 33. b4 Nf6 34. Kc4 Nd5 35. Rxd5 exd5+ 36. Kxd5 Kd7 37. a4 1-0